000 003370000a22000970004500
100 1 _aCameron, Nigel M. de S.
245 1 0 _aIncarnation and inscripturation : The christological analogy in the light of recent discussion
300 _aVol. 3, Num 2 (1985), Páginas 35-46
773 0 _tScottish Bulletin of Evangelical Theology
942 _cANA
999 _c55664
_d55664